Los del espacio - Statistics

General Stats
  • This quiz has been taken 22 times
  • The average score is 7 of 8
Answer Stats
Picture Answer % Correct
Duki
100%
Emilia
100%
Maria becerra
100%
Rusherking
89%
Tiago PZK
89%
Big One
83%
Lit Killah
78%
FMK
67%
No matching quizzes found
Score Distribution
Percent of People with Each Score
Percentile by Number Answered
Your Score History
You have not taken this quiz